[Event "EU-ch U18 Girls 31st"]
[Site "Mamaia"]
[Date "2023.09.11"]
[Round "6"]
[White "Tokat, Nehir"]
[Black "Trifoi, Mihaela Ioana"]
[Result "0-1"]
[WhiteElo "1884"]
[BlackElo "1988"]
[PlyCount "114"]
[EventDate "2023.09.05"]
[EventType "swiss"]
[EventRounds "9"]
[EventCountry "ROU"]
[SourceTitle "EXT 2024"]
[Source "ChessBase"]
[SourceDate "2023.10.10"]
[SourceVersion "1"]
[SourceVersionDate "2023.10.10"]
[SourceQuality "1"]

1. Nf3 d5 2. g3 e6 3. Bg2 Nf6 4. 0-0 Be7 5. c4 0-0 6. d4 c6 7. Nc3 a5 8. Nd2 b6 9. e4 dxc4 10. Nxc4 Ba6 11. b3 b5 12. Ne3 b4 13. Ne2 Bxe2 14. Qxe2 Qxd4 15. Bb2 Qa7 16. Rac1 Rd8 17. h4 a4 18. h5 Qa6 19. Nc4 axb3 20. axb3 Nbd7 21. g4 Nc5 22. Ra1 Qb5 23. Rxa8 Rxa8 24. g5 Ne8 25. g6 fxg6 26. hxg6 hxg6 27. Qg4 Nf6 28. Qxg6 Nd3 29. e5 Nxb2 30. exf6 Bxf6 31. Nxb2 Bxb2 32. Qxe6+ Kh8 33. Bxc6 Qg5+ 34. Bg2 Rd8 35. Re1 Bd4 36. Re4 Qf6 37. Qh3+ Kg8 38. Re2 Bc5 39. Bf3 Qh6 40. Qxh6 gxh6 41. Kg2 Kf7 42. Re5 Bd4 43. Rb5 Bc3 44. Bd5+ Kf6 45. f4 Rd6 46. Kf3 h5 47. Bc4 h4 48. Kg4 Be1 49. Rb7 Kg6 50. f5+ Kh6 51. Re7 Bg3 52. Re8 Rd4+ 53. Kh3 Rd6 54. Rb8 Kg5 55. Rxb4 Rd2 56. Be2 Rxe2 57. Rg4+ Kxf5 0-1

[Event "EU-ch U18 Girls 31st"]
[Site "Mamaia"]
[Date "2023.09.09"]
[Round "5"]
[White "Tokat, Nehir"]
[Black "Cornileau, Juliette"]
[Result "1/2-1/2"]
[WhiteElo "1884"]
[BlackElo "1997"]
[PlyCount "139"]
[EventDate "2023.09.05"]
[EventType "swiss"]
[EventRounds "9"]
[EventCountry "ROU"]
[SourceTitle "EXT 2024"]
[Source "ChessBase"]
[SourceDate "2023.10.10"]
[SourceVersion "1"]
[SourceVersionDate "2023.10.10"]
[SourceQuality "1"]

1. Nf3 d5 2. g3 Nf6 3. Bg2 Bf5 4. 0-0 e6 5. c4 c6 6. d4 Be7 7. b3 0-0 8. Bb2 h6 9. Nbd2 Nbd7 10. Rc1 a5 11. Ne5 a4 12. Nxd7 Qxd7 13. f3 Bb4 14. Nb1 axb3 15. Qxb3 Be7 16. Nd2 Bg6 17. e4 dxe4 18. fxe4 e5 19. Nf3 exd4 20. Ne5 Qe6 21. Nxg6 fxg6 22. Bxd4 Rfd8 23. Bb6 Rd2 24. a4 Nd7 25. Rcd1 Rxd1 26. Rxd1 Nxb6 27. Qxb6 Rxa4 28. Qxb7 Rxc4 29. Qb3 Bc5+ 30. Kh1 Rxe4 31. Qxe6+ Rxe6 32. Rc1 Ba3 33. Ra1 Bb4 34. Rc1 Bd2 35. Rd1 Be3 36. Re1 Kf7 37. Bxc6 Rxc6 38. Rxe3 Rc2 39. Kg1 g5 40. h3 h5 41. Ra3 Kf6 42. Rb3 Rd2 43. Ra3 Ke5 44. Ra5+ Rd5 45. Ra4 Rd2 46. Ra5+ Kf6 47. Ra4 Re2 48. Ra6+ Re6 49. Ra4 Re2 50. Ra6+ Kf5 51. Ra5+ Re5 52. Ra4 g4 53. hxg4+ hxg4 54. Kg2 Re2+ 55. Kg1 g5 56. Rb4 Re4 57. Rb5+ Re5 58. Rb4 Rd5 59. Ra4 Rc5 60. Rb4 Ra5 61. Rc4 Ra1+ 62. Kg2 Ra2+ 63. Kg1 Rd2 64. Ra4 Rd5 65. Kg2 Re5 66. Rb4 Re2+ 67. Kg1 Rd2 68. Ra4 Rc2 69. Rb4 Rc1+ 70. Kh2 1/2-1/2

[Event "TUR-chT 2nd League"]
[Site "Denizli"]
[Date "2023.07.12"]
[Round "5.82"]
[White "Tokat, Nehir"]
[Black "Sipahioglu, Irmak"]
[Result "0-1"]
[WhiteElo "1986"]
[BlackElo "2041"]
[PlyCount "130"]
[EventDate "2023.07.09"]
[EventType "team-swiss"]
[EventRounds "9"]
[EventCountry "TUR"]
[SourceTitle "CBM 215 Extra"]
[Source "ChessBase"]
[SourceDate "2023.09.30"]
[SourceVersion "1"]
[SourceVersionDate "2023.09.30"]
[SourceQuality "1"]
[WhiteTeam "Pamukkale Yonetimi"]
[BlackTeam "Nida"]
[WhiteTeamCountry "TUR"]
[BlackTeamCountry "TUR"]

1. d4 d5 2. g3 e6 3. c4 Nf6 4. Nf3 Bb4+ 5. Bd2 Be7 6. Bg2 0-0 7. 0-0 b6 8. Qc2 Bb7 9. Ne5 Nbd7 10. Rd1 Nxe5 11. dxe5 Ng4 12. Bc3 Bc5 13. e3 Qg5 14. Qe2 Ba6 15. Nd2 Nxe5 16. h4 Qg4 17. Qxg4 Nxg4 18. cxd5 exd5 19. Bxd5 Rad8 20. Bf3 Nh6 21. b4 Be7 22. Bc6 Be2 23. Rdc1 Nf5 24. Nb3 Bd6 25. Be4 Bg4 26. a4 Rfe8 27. Bc6 Re6 28. Bg2 Rg6 29. Kf1 Re8 30. e4 Nh6 31. Re1 Be6 32. Nd4 Bc4+ 33. Kg1 a6 34. Nf5 Bf8 35. h5 Rge6 36. Nd4 Rd6 37. e5 Rdd8 38. Bc6 Re7 39. Bf3 Red7 40. Rad1 Bxb4 41. Bxb4 Rxd4 42. Rxd4 Rxd4 43. Rd1 Nf5 44. Bc3 Rxd1+ 45. Bxd1 Ne7 46. f4 c5 47. Kf2 Kf8 48. Bf3 Nd5 49. Bb2 Nb4 50. Ba3 Bb3 51. Bxb4 cxb4 52. Bc6 Bd1 53. Ke1 Bxh5 54. Kd2 Bg4 55. Bb7 a5 56. Kc2 Ke7 57. Ba6 Bd7 58. Kb3 Be6+ 59. Kb2 Bd5 60. Bd3 h6 61. f5 Bf3 62. Kc2 g5 63. Bc4 Be4+ 64. Kb3 Bxf5 65. Kb2 h5 0-1

[Event "Pobeskydy Talents op 42nd"]
[Site "Frydek Mistek"]
[Date "2023.04.07"]
[Round "3"]
[White "Stepan, Patrik"]
[Black "Tokat, Nehir"]
[Result "1-0"]
[WhiteElo "2246"]
[BlackElo "1935"]
[PlyCount "63"]
[EventDate "2023.04.06"]
[EventType "swiss"]
[EventRounds "9"]
[EventCountry "CZE"]
[SourceTitle "EXT 2024"]
[Source "ChessBase"]
[SourceDate "2023.10.10"]
[SourceVersion "1"]
[SourceVersionDate "2023.10.10"]
[SourceQuality "1"]

1. Nf3 Nf6 2. c4 g6 3. Nc3 d5 4. cxd5 Nxd5 5. Qb3 Nb6 6. d4 Bg7 7. Bf4 0-0 8. e3 Be6 9. Qa3 a5 10. Be2 Nc6 11. 0-0 Nb4 12. Rfc1 c6 13. b3 Bf5 14. Qb2 Rc8 15. Be5 f6 16. Bg3 Re8 17. Rd1 N6d5 18. Na4 b5 19. Nc5 e5 20. e4 exd4 21. exf5 gxf5 22. Nxd4 f4 23. Nde6 Qe7 24. Bh4 Nb6 25. Bh5 Rf8 26. Nxf8 Qxc5 27. Nd7 Nxd7 28. Rxd7 Qxh5 29. Rxg7+ Kxg7 30. Qxf6+ Kg8 31. Qe6+ Kg7 32. Bf6+ 1-0

[Event "TUR-ch U13/18 Girls"]
[Site "Antalya"]
[Date "2023.01.24"]
[Round "5"]
[White "Tokat, Nehir"]
[Black "Tikvesli, Ceylin"]
[Result "0-1"]
[WhiteElo "1995"]
[BlackElo "1659"]
[PlyCount "118"]
[EventDate "2023.01.17"]
[EventType "swiss"]
[EventRounds "9"]
[EventCountry "TUR"]
[SourceTitle "EXT 2024"]
[Source "ChessBase"]
[SourceDate "2023.10.10"]
[SourceVersion "1"]
[SourceVersionDate "2023.10.10"]
[SourceQuality "1"]

1. d4 Nf6 2. Nc3 g6 3. e4 d6 4. f4 Bg7 5. Nf3 0-0 6. e5 dxe5 7. fxe5 Nfd7 8. Bc4 Nb6 9. Bb3 Bg4 10. 0-0 Nc6 11. Be3 Na5 12. h3 Nxb3 13. axb3 Be6 14. Ne4 Bd5 15. Ned2 c5 16. dxc5 Nd7 17. Bd4 Qc7 18. Qe2 Nxc5 19. c4 Bxf3 20. Rxf3 Ne6 21. Bc3 Qc5+ 22. Qf2 Qxf2+ 23. Rxf2 Nc5 24. Rf3 Rfd8 25. Raf1 f5 26. exf6 Bxf6 27. Bxf6 exf6 28. R1f2 f5 29. Nf1 Ne4 30. Re2 Rd1 31. Kh2 Rad8 32. Ng3 Nd2 33. Rff2 Nxb3 34. Re7 R8d7 35. Rfe2 Kf8 36. Rxd7 Rxd7 37. Nf1 Na5 38. Nd2 Nc6 39. Nf3 Nd4 40. Nxd4 Rxd4 41. Rc2 Ke7 42. c5 Kd7 43. Kg3 Kc6 44. Kf3 Rd5 45. b4 Rd4 46. Rb2 Kb5 47. g4 Rxb4 48. Rc2 Rb3+ 49. Kf4 Rxh3 50. gxf5 gxf5 51. Rb2+ Kc6 52. Ra2 Kxc5 53. Rxa7 b5 54. Rc7+ Kb6 55. Rc1 b4 56. Kxf5 b3 57. Ke4 b2 58. Rb1 Rb3 59. Kf4 Kb5 0-1

[Event "TUR-ch U13/18 Girls"]
[Site "Antalya"]
[Date "2023.01.22"]
[Round "1"]
[White "Tokat, Nehir"]
[Black "Haktanirlar, Zeren"]
[Result "1-0"]
[WhiteElo "1995"]
[BlackElo "1297"]
[PlyCount "67"]
[EventDate "2023.01.17"]
[EventType "swiss"]
[EventRounds "9"]
[EventCountry "TUR"]
[SourceTitle "EXT 2024"]
[Source "ChessBase"]
[SourceDate "2023.10.10"]
[SourceVersion "1"]
[SourceVersionDate "2023.10.10"]
[SourceQuality "1"]

1. d4 d5 2. c4 e6 3. Nf3 Nf6 4. g3 dxc4 5. Bg2 c5 6. 0-0 Nc6 7. Qa4 Bd7 8. Qxc4 b5 9. Qd3 c4 10. Qd1 Rc8 11. Re1 Be7 12. e4 Nb4 13. Ne5 Nc6 14. Be3 Bb4 15. Nc3 Qa5 16. f4 Bxc3 17. bxc3 Qxc3 18. Nxd7 Nxd7 19. d5 Nb4 20. dxe6 fxe6 21. Qh5+ g6 22. Qxb5 Nd3 23. Red1 Rb8 24. Qc6 Ke7 25. Bh3 Qf6 26. Qxc4 Nb2 27. Qc7 Nxd1 28. Rxd1 Rhd8 29. e5 Qf7 30. Qd6+ Ke8 31. Bxe6 Qe7 32. Qc6 Rbc8 33. Bxd7+ Qxd7 34. Rxd7 1-0

[Event "TUR-chT 1st League"]
[Site "Konya"]
[Date "2022.08.28"]
[Round "9.3"]
[White "Karatiken, Seray"]
[Black "Tokat, Nehir"]
[Result "1/2-1/2"]
[WhiteElo "1737"]
[BlackElo "2065"]
[PlyCount "122"]
[EventDate "2022.08.22"]
[EventType "team-swiss"]
[EventRounds "9"]
[EventCountry "TUR"]
[SourceTitle "CBM 209 Extra"]
[Source "ChessBase"]
[SourceDate "2022.09.30"]
[SourceVersion "1"]
[SourceVersionDate "2022.09.30"]
[SourceQuality "1"]
[WhiteTeam "Beyazkale Dernegi"]
[BlackTeam "Pamukkale Universiteli"]
[WhiteTeamCountry "TUR"]
[BlackTeamCountry "TUR"]

1. d4 Nf6 2. Bf4 g6 3. Nc3 d5 4. e3 Bg7 5. h4 h6 6. Nb5 Na6 7. Nf3 c6 8. Nc3 Nc7 9. Be2 0-0 10. Ne5 Ne6 11. Bh2 c5 12. Qd2 Qa5 13. dxc5 Nxc5 14. a3 Qd8 15. Rd1 Be6 16. 0-0 Rc8 17. Bf3 Nce4 18. Nxe4 dxe4 19. Qxd8 Rfxd8 20. Rxd8+ Rxd8 21. Bd1 Nd7 22. Nxd7 Rxd7 23. b3 Bc3 24. f3 f5 25. fxe4 fxe4 26. Bg3 h5 27. Be1 Bb2 28. Bb4 b6 29. Be2 a5 30. Be1 Bxa3 31. Bb5 Rd1 32. Bg3 Rxf1+ 33. Kxf1 Bc5 34. Kf2 Bd6 35. Bxd6 exd6 36. Kg3 Kg7 37. Kf4 Kf6 38. Bc6 d5 39. Bb7 Bf7 40. Bc6 Ke6 41. Bb5 Kd6 42. Be2 Be8 43. c4 dxc4 44. Bxc4 b5 45. Bg8 a4 46. bxa4 bxa4 47. Ba2 Bc6 48. Kg5 Bd5 49. Bb1 a3 50. Kxg6 a2 51. Bxa2 Bxa2 52. Kxh5 Ke7 53. Kg6 Kf8 54. g4 Be6 55. g5 Kg8 56. Kf6 Bg4 57. g6 Be2 58. Kg5 Bc4 59. h5 Bb5 60. Kf6 Be8 61. h6 Kh8 1/2-1/2

[Event "TUR-ch U13-U18 Girls"]
[Site "Antalya"]
[Date "2020.01.22"]
[Round "6"]
[White "Tikvesli, Ceylin"]
[Black "Tokat, Nehir"]
[Result "1/2-1/2"]
[WhiteElo "1651"]
[BlackElo "1610"]
[PlyCount "154"]
[EventDate "2020.01.19"]
[EventType "swiss"]
[EventRounds "11"]
[EventCountry "TUR"]
[SourceTitle "CBM 195 Extra"]
[Source "ChessBase"]
[SourceDate "2020.05.31"]
[SourceVersion "1"]
[SourceVersionDate "2020.05.31"]
[SourceQuality "1"]

1. e4 c5 2. Nf3 Nc6 3. Bb5 d6 4. 0-0 Bd7 5. c3 Nf6 6. Re1 a6 7. Bf1 Bg4 8. h3 Bxf3 9. Qxf3 g6 10. Na3 Bg7 11. Nc2 0-0 12. d3 b5 13. Bf4 Qb6 14. Ne3 Nd7 15. Nd5 Qd8 16. Qd1 Rb8 17. Qd2 b4 18. cxb4 Nxb4 19. Nxb4 Rxb4 20. Rab1 Qb6 21. b3 a5 22. Qc1 Qa7 23. Bd2 Rb6 24. Qa3 Ra8 25. Qc1 Rab8 26. Qc2 Nf8 27. Rec1 Ne6 28. Qd1 Nd4 29. Be3 Nb5 30. d4 cxd4 31. Bxb5 dxe3 32. a4 exf2+ 33. Kf1 Qb7 34. Qd3 Be5 35. Kxf2 Rc8 36. Rxc8+ Qxc8 37. Qc4 Qxc4 38. bxc4 Kg7 39. Rd1 f5 40. Ke3 Kf6 41. Rf1 Rb8 42. g4 f4+ 43. Kf3 g5 44. Rh1 h6 45. Rh2 Bd4 46. h4 Rg8 47. h5 Ke5 48. Rd2 Rb8 49. Rd1 e6 50. Re1 Rc8 51. Ba6 Rb8 52. Bb5 Rb7 53. Rb1 Rb6 54. Re1 Rb8 55. Rb1 Rb7 56. Rc1 Rc7 57. Re1 Rc5 58. Ba6 Be3 59. Rd1 Bd4 60. Re1 Bc3 61. Rc1 Bd4 62. Re1 Kf6 63. Rd1 Be5 64. Rd3 Ke7 65. Bb5 Kd8 66. Rd1 Kc7 67. Rd3 Kb6 68. Rb3 Kc7 69. Rd3 Kd8 70. Rd1 Rc7 71. Rd3 Kc8 72. Ba6+ Kb8 73. Rb3+ Ka7 74. Bb5 Rb7 75. Rb1 Bc3 76. Rb3 Bd4 77. Rd3 Be5 1/2-1/2

[Event "TUR-ch U13-U18 Girls"]
[Site "Antalya"]
[Date "2020.01.21"]
[Round "4"]
[White "Sinik, Yagmur"]
[Black "Tokat, Nehir"]
[Result "0-1"]
[WhiteElo "1346"]
[BlackElo "1610"]
[PlyCount "78"]
[EventDate "2020.01.19"]
[EventType "swiss"]
[EventRounds "11"]
[EventCountry "TUR"]
[SourceTitle "CBM 195 Extra"]
[Source "ChessBase"]
[SourceDate "2020.05.31"]
[SourceVersion "1"]
[SourceVersionDate "2020.05.31"]
[SourceQuality "1"]

1. e4 c5 2. Nf3 a6 3. d4 cxd4 4. Nxd4 Nf6 5. Nc3 e5 6. Nb3 Bb4 7. Bd3 d5 8. exd5 Nxd5 9. Bd2 Nxc3 10. bxc3 Bd6 11. 0-0 0-0 12. Re1 Qc7 13. h3 f5 14. Qh5 e4 15. Bf1 Nc6 16. Rac1 Be5 17. c4 Bd7 18. c3 Rf6 19. Be3 Be8 20. Qe2 Rg6 21. Bd4 Bf7 22. Bxe5 Nxe5 23. Kh1 Nd3 24. Qd2 Nxc1 25. Rxc1 Bxc4 26. Bxc4+ Qxc4 27. Qd4 Qxd4 28. Nxd4 f4 29. Nf5 Re6 30. Rb1 g6 31. Nd4 Re7 32. Rb3 e3 33. Rb2 Rae8 34. fxe3 fxe3 35. Re2 Rc8 36. Rc2 Re4 37. Ne2 Rd8 38. Nd4 Rdxd4 39. cxd4 e2 0-1

[Event "TUR-ch U13-U18 Girls"]
[Site "Antalya"]
[Date "2020.01.20"]
[Round "2"]
[White "Nural, Polen"]
[Black "Tokat, Nehir"]
[Result "1-0"]
[WhiteElo "1331"]
[BlackElo "1610"]
[PlyCount "81"]
[EventDate "2020.01.19"]
[EventType "swiss"]
[EventRounds "11"]
[EventCountry "TUR"]
[SourceTitle "CBM 195 Extra"]
[Source "ChessBase"]
[SourceDate "2020.05.31"]
[SourceVersion "1"]
[SourceVersionDate "2020.05.31"]
[SourceQuality "1"]

1. d4 Nf6 2. Nf3 g6 3. Bf4 Bg7 4. e3 0-0 5. Be2 c5 6. c3 b6 7. 0-0 Bb7 8. Nbd2 d6 9. h3 Nbd7 10. Qc2 a6 11. a4 Ra7 12. Bh2 Qa8 13. Bd3 Rc8 14. Qb1 Bc6 15. e4 cxd4 16. cxd4 Bh6 17. d5 Bb7 18. b4 Nh5 19. Qb3 Rc7 20. Rfc1 Bc8 21. Rc4 Qb8 22. Ra2 Rxc4 23. Nxc4 Nf4 24. Nd4 Bb7 25. Bf1 Nf6 26. Qf3 N4h5 27. g4 Ng7 28. h4 g5 29. h5 Qc8 30. Nf5 Nxf5 31. gxf5 Qd8 32. Rc2 b5 33. axb5 axb5 34. Na5 Bg7 35. Qe3 Qb8 36. f3 h6 37. Qb6 Ne8 38. Nc6 Ra6 39. Qxa6 Bd4+ 40. Kh1 Qc8 41. Nxe7+ 1-0

[Event "TUR-chT 1st League"]
[Site "Konya"]
[Date "2019.07.28"]
[Round "9.7"]
[White "Tokat, Nehir"]
[Black "Gorcuk, Ozgu"]
[Result "1/2-1/2"]
[WhiteElo "1586"]
[BlackElo "1337"]
[PlyCount "68"]
[EventDate "2019.07.22"]
[EventType "team-swiss"]
[EventRounds "9"]
[EventCountry "TUR"]
[SourceTitle "CBM 191 Extra"]
[Source "ChessBase"]
[SourceDate "2019.09.30"]
[SourceVersion "1"]
[SourceVersionDate "2019.09.30"]
[SourceQuality "1"]
[WhiteTeam "Pamukkale Universiteli"]
[BlackTeam "Karsiyaka Ihtisas"]
[WhiteTeamCountry "TUR"]
[BlackTeamCountry "TUR"]

1. d4 Nf6 2. Bg5 g6 3. Bxf6 exf6 4. c4 Bg7 5. Nc3 f5 6. g3 0-0 7. Bg2 Nc6 8. e3 Re8 9. Nge2 a6 10. 0-0 Rb8 11. Qd3 b6 12. a3 a5 13. Rfb1 Bb7 14. Nf4 d6 15. b4 axb4 16. axb4 Qd7 17. Nfd5 Ra8 18. Nb5 Rac8 19. Ra3 Ba8 20. c5 dxc5 21. dxc5 Ne5 22. Qb3 Bxd5 23. Bxd5 Qxb5 24. f4 c6 25. Bg2 Nc4 26. Bf1 Rxe3 27. Qxe3 Nxe3 28. Bxb5 cxb5 29. cxb6 Rb8 30. b7 Rxb7 31. Ra8+ Bf8 32. Re1 Re7 33. Rc1 Nc4 34. Rb8 Nd6 1/2-1/2

[Event "TUR-chT 1st League"]
[Site "Konya"]
[Date "2019.07.25"]
[Round "6.6"]
[White "Tokat, Nehir"]
[Black "Kargaci, Humeyra"]
[Result "1-0"]
[WhiteElo "1586"]
[BlackElo "1699"]
[PlyCount "123"]
[EventDate "2019.07.22"]
[EventType "team-swiss"]
[EventRounds "9"]
[EventCountry "TUR"]
[SourceTitle "CBM 191 Extra"]
[Source "ChessBase"]
[SourceDate "2019.09.30"]
[SourceVersion "1"]
[SourceVersionDate "2019.09.30"]
[SourceQuality "1"]
[WhiteTeam "Pamukkale Universiteli"]
[BlackTeam "Genc Akademisyenler"]
[WhiteTeamCountry "TUR"]
[BlackTeamCountry "TUR"]

1. d4 Nf6 2. Bg5 Ne4 3. Bf4 g6 4. f3 Nf6 5. e4 Bg7 6. c4 d6 7. Nc3 Nbd7 8. Be3 c6 9. Qd2 e5 10. d5 c5 11. Bd3 a6 12. Nge2 Rb8 13. a4 0-0 14. Bh6 Nxe4 15. Nxe4 Qh4+ 16. g3 Qxh6 17. Qxh6 Bxh6 18. Nxd6 f5 19. 0-0 Nf6 20. Nxc8 Rfxc8 21. Nc3 Ne8 22. Rfe1 Bg7 23. a5 Nd6 24. Na4 Rc7 25. Ra2 Rf8 26. b3 Re7 27. Kg2 Rc7 28. Rae2 Kf7 29. h4 Ke7 30. b4 cxb4 31. c5 Nf7 32. d6+ Nxd6 33. cxd6+ Kxd6 34. Rb1 e4 35. fxe4 f4 36. gxf4 Rxf4 37. Rxb4 Rcf7 38. Nb6 Rg4+ 39. Kh3 Rff4 40. e5+ Bxe5 41. Rxf4 Rxf4 42. Nc4+ Kc7 43. Nxe5 Ra4 44. Rc2+ Kd8 45. Nc4 Ke7 46. Kg4 Ra1 47. Re2+ Kf6 48. Rf2+ Ke6 49. Re2+ Kd5 50. Re7 Kd4 51. Be2 Re1 52. Kf3 h6 53. Re4+ Kc5 54. Rg4 g5 55. hxg5 hxg5 56. Rxg5+ Kb4 57. Rg7 Rb1 58. Rxb7+ Ka4 59. Ra7 Ra1 60. Rxa6 Kb4 61. Rb6+ Kc3 62. a6 1-0

[Event "TUR-chT 1st League"]
[Site "Konya"]
[Date "2019.07.24"]
[Round "4.4"]
[White "Tokat, Nehir"]
[Black "Keskin, Elif"]
[Result "1-0"]
[WhiteElo "1586"]
[BlackElo "1833"]
[PlyCount "112"]
[EventDate "2019.07.22"]
[EventType "team-swiss"]
[EventRounds "9"]
[EventCountry "TUR"]
[SourceTitle "CBM 191 Extra"]
[Source "ChessBase"]
[SourceDate "2019.09.30"]
[SourceVersion "1"]
[SourceVersionDate "2019.09.30"]
[SourceQuality "1"]
[WhiteTeam "Pamukkale Universiteli"]
[BlackTeam "Burhaniye"]
[WhiteTeamCountry "TUR"]
[BlackTeamCountry "TUR"]

1. d4 Nf6 2. Bg5 Ne4 3. Bf4 d5 4. Nd2 Bf5 5. e3 Nxd2 6. Qxd2 e6 7. Nf3 Nd7 8. c4 c6 9. Be2 dxc4 10. Bxc4 Nb6 11. Bb3 Nd5 12. Bxd5 exd5 13. 0-0 Be7 14. b4 Qb6 15. a3 a5 16. bxa5 Qxa5 17. Qb2 Qa6 18. a4 0-0 19. h3 Rfe8 20. Rfc1 h6 21. Qb3 Ra7 22. Ne5 Rea8 23. g4 Be4 24. f3 Bh7 25. e4 Rd8 26. Rd1 f6 27. Nd3 Kh8 28. e5 Qc4 29. Qxc4 dxc4 30. exf6 Bxf6 31. Ne5 Bxe5 32. dxe5 Bd3 33. e6 Re8 34. Re1 b5 35. Bd6 Rb7 36. a5 Ra7 37. a6 c3 38. Re3 Bc4 39. e7 Kg8 40. Rxc3 Kf7 41. Bc5 Raa8 42. Re3 b4 43. Bxb4 Rxa6 44. Rxa6 Bxa6 45. f4 Rb8 46. Bd6 Rc8 47. Kf2 Bc4 48. h4 Bb5 49. Bc5 Bc4 50. f5 Bd5 51. g5 hxg5 52. hxg5 Re8 53. Kg3 Rg8 54. Kf4 Ke8 55. Ke5 Kd7 56. Ra3 Bf7 1-0

[Event "TUR-chT 1st League"]
[Site "Konya"]
[Date "2019.07.23"]
[Round "2.2"]
[White "Tokat, Nehir"]
[Black "Anacoglu, Cisel"]
[Result "0-1"]
[WhiteElo "1586"]
[BlackElo "1869"]
[PlyCount "106"]
[EventDate "2019.07.22"]
[EventType "team-swiss"]
[EventRounds "9"]
[EventCountry "TUR"]
[SourceTitle "CBM 191 Extra"]
[Source "ChessBase"]
[SourceDate "2019.09.30"]
[SourceVersion "1"]
[SourceVersionDate "2019.09.30"]
[SourceQuality "1"]
[WhiteTeam "Pamukkale Universiteli"]
[BlackTeam "Gokyay Vakfi"]
[WhiteTeamCountry "TUR"]
[BlackTeamCountry "TUR"]

1. d4 d5 2. c4 c6 3. Nf3 Nf6 4. e3 a6 5. Nc3 Bf5 6. h3 e6 7. Nh4 Be4 8. Bd3 b5 9. cxd5 Bxd3 10. Qxd3 cxd5 11. a3 Nc6 12. Nf3 Rc8 13. 0-0 Be7 14. e4 dxe4 15. Nxe4 Nd5 16. Rd1 Qc7 17. Bd2 Qa7 18. Rac1 0-0 19. Neg5 Bxg5 20. Nxg5 Nf6 21. Be3 Qd7 22. Rc5 Ne7 23. Rdc1 Rxc5 24. Rxc5 Rc8 25. Qc2 Rxc5 26. dxc5 Nc6 27. Ne4 Nxe4 28. Qxe4 Qd5 29. Qf4 e5 30. Qg4 Ne7 31. Bh6 g6 32. Qb4 Nc6 33. Qh4 Qe6 34. Qg5 f6 35. Qg3 Nd4 36. Qd3 Qc4 37. Qxc4+ bxc4 38. Bd2 Kf7 39. f4 Ke6 40. Kf2 Kd5 41. fxe5 fxe5 42. Bb4 Ne6 43. Ke3 Nxc5 44. Bd2 Ne6 45. g3 Nd4 46. Bc3 Nf5+ 47. Kf2 Ke4 48. g4 Nd4 49. Bd2 Kd3 50. Bg5 e4 51. Bf4 Nc2 52. Bg3 e3+ 53. Kg2 e2 0-1

[Event "TUR-chT 1st League"]
[Site "Konya"]
[Date "2019.07.22"]
[Round "1.7"]
[White "Akti, Ezgi"]
[Black "Tokat, Nehir"]
[Result "1-0"]
[WhiteElo "1770"]
[BlackElo "1586"]
[PlyCount "67"]
[EventDate "2019.07.22"]
[EventType "team-swiss"]
[EventRounds "9"]
[EventCountry "TUR"]
[SourceTitle "CBM 191 Extra"]
[Source "ChessBase"]
[SourceDate "2019.09.30"]
[SourceVersion "1"]
[SourceVersionDate "2019.09.30"]
[SourceQuality "1"]
[WhiteTeam "Salihli Sardes"]
[BlackTeam "Pamukkale Universiteli"]
[WhiteTeamCountry "TUR"]
[BlackTeamCountry "TUR"]

1. d4 Nf6 2. Nf3 g6 3. c4 Bg7 4. e3 0-0 5. Nc3 d5 6. cxd5 Nxd5 7. Bc4 Nb6 8. Bb3 N8d7 9. 0-0 c5 10. Re1 cxd4 11. exd4 Nf6 12. h3 h6 13. Bf4 e6 14. Rc1 Bd7 15. Ne5 Rc8 16. a4 Nbd5 17. Nxd5 Nxd5 18. Bxd5 exd5 19. Qb3 Bf5 20. Rxc8 Bxc8 21. Rc1 Re8 22. Rc5 Qf6 23. Bg3 b6 24. Rc7 Be6 25. Rxa7 Rc8 26. Qxb6 Qf5 27. Rc7 Rxc7 28. Qxc7 Qb1+ 29. Kh2 Qxb2 30. Qa7 Qb4 31. a5 Bxe5 32. Bxe5 Bc8 33. Qc7 Qf8 34. Qb6 1-0

[Event "TUR-chT 1st League"]
[Site "Konya"]
[Date "2018.07.21"]
[Round "8.7"]
[White "Kargaci, Humeyra"]
[Black "Tokat, Nehir"]
[Result "1/2-1/2"]
[WhiteElo "1690"]
[BlackElo "1740"]
[PlyCount "80"]
[EventDate "2018.07.16"]
[EventType "team-swiss"]
[EventRounds "9"]
[EventCountry "TUR"]
[SourceTitle "EXT 2019"]
[Source "ChessBase"]
[SourceDate "2018.10.10"]
[SourceVersion "1"]
[SourceVersionDate "2018.10.10"]
[SourceQuality "1"]
[WhiteTeam "Varyant Genclik"]
[BlackTeam "DCM Pamukkale Universiteli"]
[WhiteTeamCountry "TUR"]
[BlackTeamCountry "TUR"]

1. c4 Nf6 2. Nc3 g6 3. g3 d5 4. Bg2 c6 5. cxd5 cxd5 6. d4 Nc6 7. Nf3 Bg7 8. 0-0 0-0 9. Ne5 Na5 10. Qa4 Be6 11. Bd2 Nc4 12. Nxc4 dxc4 13. e3 Nd5 14. Rac1 Nb6 15. Qc2 Qd7 16. Ne4 Bd5 17. Nc5 Qc6 18. Bxd5 Qxd5 19. Qe4 Qxe4 20. Nxe4 e5 21. dxe5 Bxe5 22. Bc3 Bxc3 23. Nxc3 Rfd8 24. Rfd1 Kf8 25. Nb5 Ke7 26. Nd4 Rac8 27. Rc2 Rd5 28. Rdc1 Rcd8 29. b3 cxb3 30. axb3 a6 31. b4 R5d7 32. Kg2 f5 33. h4 Kf6 34. Nb3 Nd5 35. Nc5 Re7 36. Rb2 Rc7 37. Nd3 Re7 38. Nc5 Rc7 39. Nb3 Rxc1 40. Nxc1 Re8 1/2-1/2

[Event "TUR-chT 1st League"]
[Site "Konya"]
[Date "2018.07.17"]
[Round "2.4"]
[White "Citak, Tuana Umay"]
[Black "Tokat, Nehir"]
[Result "0-1"]
[WhiteElo "1687"]
[BlackElo "1740"]
[PlyCount "94"]
[EventDate "2018.07.16"]
[EventType "team-swiss"]
[EventRounds "9"]
[EventCountry "TUR"]
[SourceTitle "EXT 2019"]
[Source "ChessBase"]
[SourceDate "2018.10.10"]
[SourceVersion "1"]
[SourceVersionDate "2018.10.10"]
[SourceQuality "1"]
[WhiteTeam "Sertel Genclik"]
[BlackTeam "DCM Pamukkale Universiteli"]
[WhiteTeamCountry "TUR"]
[BlackTeamCountry "TUR"]

1. e4 c5 2. Nf3 Nc6 3. d4 cxd4 4. Nxd4 g6 5. c4 Bg7 6. Be3 Nf6 7. Nc3 0-0 8. Be2 d6 9. 0-0 Bd7 10. Qd2 Nxd4 11. Bxd4 Bc6 12. f3 a5 13. b3 Nd7 14. Be3 Nc5 15. Rab1 Be5 16. Rfc1 e6 17. Bf1 Qe7 18. a3 a4 19. Bxc5 dxc5 20. b4 Rfd8 21. Qc2 Qg5 22. Rb2 Qf4 23. h3 Qh2+ 24. Kf2 Bd4+ 25. Ke2 Qg1 26. Nd1 Bxb2 27. Qxb2 Qd4 28. Qxd4 Rxd4 29. b5 Be8 30. Rc2 f5 31. exf5 exf5 32. Nb2 Bf7 33. Kf2 Kg7 34. Be2 Kf6 35. Ke1 h5 36. g3 h4 37. g4 fxg4 38. fxg4 Re8 39. Kf2 Rf4+ 40. Bf3 Kg5 41. Nxa4 Bxc4 42. Kg2 Re3 43. Nb2 Bf1+ 44. Kxf1 Rfxf3+ 45. Kg2 Rg3+ 46. Kf2 Rc3 47. Rd2 Rxh3 0-1

[Event "TUR-ch (Women)"]
[Site "Antalya"]
[Date "2018.03.09"]
[Round "7"]
[White "Aydin, Leyla"]
[Black "Tokat, Nehir"]
[Result "1-0"]
[WhiteElo "1381"]
[BlackElo "1577"]
[PlyCount "51"]
[EventDate "2018.03.05"]
[EventType "swiss"]
[EventRounds "9"]
[EventCountry "TUR"]
[SourceTitle "CBM 183 Extra"]
[Source "ChessBase"]
[SourceDate "2018.04.19"]
[SourceVersion "1"]
[SourceVersionDate "2018.04.19"]
[SourceQuality "1"]

1. e4 c5 2. Nf3 Nc6 3. d4 cxd4 4. Nxd4 g6 5. Nc3 Bg7 6. Be3 Nf6 7. f3 0-0 8. Qd2 d5 9. Nxc6 bxc6 10. 0-0-0 Qc7 11. exd5 cxd5 12. Nxd5 Nxd5 13. Qxd5 Bf5 14. Qc4 Qe5 15. Qd4 Qb8 16. Qc4 Qxb2+ 17. Kd2 Rac8 18. Qb3 Rxc2+ 19. Ke1 Bc3+ 20. Bd2 Bxd2+ 21. Rxd2 Qc1+ 22. Rd1 Qe3+ 23. Qxe3 Rxa2 24. Be2 Rb8 25. Kf2 Rbb2 26. Rhe1 1-0